Reformujúce sa Rusko v súčasnom svete. 2
Veľvyslanec Ruskej federácie v Slovenskej republike S. V. Jastržembskij o rozvoji slovensko-ruských hospodárskych stykov. Najdôležitejšie smery hospodárskej spolupráce (ropný a plynárenský priemysel, jadrová energetika, špeciálna technika).
Gespeichert in:
| 1. Verfasser: | |
|---|---|
| Format: | Buchkapitel |
| Sprache: | Slowakisch |
| Schlagworte: | |
| Tags: |
Keine Tags, Fügen Sie das erste Tag hinzu!
|
MARC
| LEADER | 00000naa a2200000 4500 | ||
|---|---|---|---|
| 001 | r016804 | ||
| 005 | 20221213095927.1 | ||
| 041 | 0 | |a slo | |
| 044 | |a SK | ||
| 245 | 1 | 0 | |a Reformujúce sa Rusko v súčasnom svete. 2 |c S.V. Jastržembskij |
| 520 | |a Veľvyslanec Ruskej federácie v Slovenskej republike S. V. Jastržembskij o rozvoji slovensko-ruských hospodárskych stykov. Najdôležitejšie smery hospodárskej spolupráce (ropný a plynárenský priemysel, jadrová energetika, špeciálna technika). | ||
| 610 | 2 | 0 | |a Rusko |
| 610 | 2 | 0 | |a 1993-1995 |
| 610 | 2 | 0 | |a Slovensko |
| 610 | 2 | 0 | |a reformy hospodárske |
| 610 | 2 | 0 | |a spolupráca hospodárska medzinárodná |
| 100 | 1 | |a Jastržembskij, S.V. | |